| 000 | 00725nam a22001937a 4500 | ||
|---|---|---|---|
| 999 |
_c12851 _d12851 |
||
| 003 | AR-CdUCM | ||
| 008 | 190410b ||||| |||| 00| 0 spa d | ||
| 040 |
_aMUNICIPALIDAD PROVINCIAL DEL CUSCO _cBIBLIOTECA MUNICIPAL DEL CUSCO |
||
| 082 |
_a342.217 / _bH59 |
||
| 110 |
_aInstituto para la integración de América Latina (INTAL). _930937 |
||
| 245 | _aHistoria documental del acuerdo de Cartagena / | ||
| 260 |
_aBuenos aires : _bInstituto para la integración de América Latina (INTAL), _c1974. |
||
| 300 |
_a608 páginas _c23 cm. |
||
| 500 | _aJunta del acuerdo de Cartagena. | ||
| 505 | _aContenido :Historia documental del acuerdo de Cartagena. | ||
| 650 |
_aCartagena _930938 |
||
| 942 |
_2ddc _cLIBROS |
||
| 945 | _arum | ||